| 000 | 01535cam a2200409 a 4500 | ||
|---|---|---|---|
| 999 |
_c531449 _d531449 |
||
| 001 | 12782977 | ||
| 003 | NUST | ||
| 005 | 20191016135317.0 | ||
| 008 | 020521s2002 enkab b 001 0 eng | ||
| 010 | _a 2002069951 | ||
| 015 | _aGBA2-71642 | ||
| 020 | _a0415217768 | ||
| 020 | _a0415217776 (pbk.) | ||
| 035 | _a(OCoLC)ocm49874921 | ||
| 038 | _aMSOHAIL | ||
| 040 |
_aDLC _cDLC _dC#P _dUKM _dBAKER _dNLGGC _dDLC |
||
| 043 | _ae-uk--- | ||
| 050 | 0 | 0 |
_aHT166 G7 _bH34 2002 |
| 082 | 0 | 0 |
_a307.12 _221 |
| 084 |
_a74.72 _2bcl |
||
| 100 | 1 |
_aHall, Peter, _d1932-2014. _924142 |
|
| 245 | 1 | 0 |
_aUrban and regional planning / _cPeter Hall. |
| 250 | _a4th ed. | ||
| 260 |
_aLondon ; _aNew York : _bRoutledge, _c2002. |
||
| 300 |
_a237 p. : _bill., maps ; _c25 cm. |
||
| 504 | _aIncludes bibliographical references and index. | ||
| 650 | 0 |
_aCity planning. _9808 |
|
| 650 | 0 |
_aRegional planning. _923371 |
|
| 650 | 0 |
_aCity planning _zGreat Britain. _923611 |
|
| 650 | 0 |
_aRegional planning _zGreat Britain. _923612 |
|
| 856 | 4 | 1 |
_3Table of contents only _uhttp://www.loc.gov/catdir/toc/fy0613/2002069951.html |
| 856 | 4 | 2 |
_3Publisher description _uhttp://www.loc.gov/catdir/enhancements/fy0668/2002069951-d.html |
| 856 | 4 | 2 |
_3Contributor biographical information _uhttp://www.loc.gov/catdir/enhancements/fy1008/2002069951-b.html |
| 906 |
_a7 _bcbc _corignew _d1 _eocip _f20 _gy-gencatlg |
||
| 942 |
_2ddc _cBK |
||